<?xml version="1.0" encoding="UTF-8"?><?xml-stylesheet type="text/xsl" href="static/style.xsl"?><OAI-PMH xmlns="http://www.openarchives.org/OAI/2.0/" xmlns:xsi="http://www.w3.org/2001/XMLSchema-instance" xsi:schemaLocation="http://www.openarchives.org/OAI/2.0/ http://www.openarchives.org/OAI/2.0/OAI-PMH.xsd"><responseDate>2026-04-13T16:46:53Z</responseDate><request verb="GetRecord" identifier="oai:www.recercat.cat:10459.1/467549" metadataPrefix="marc">https://recercat.cat/oai/request</request><GetRecord><record><header><identifier>oai:recercat.cat:10459.1/467549</identifier><datestamp>2025-09-15T18:25:03Z</datestamp><setSpec>com_2072_3622</setSpec><setSpec>col_2072_479130</setSpec></header><metadata><record xmlns="http://www.loc.gov/MARC21/slim" xmlns:dcterms="http://purl.org/dc/terms/" xmlns:xsi="http://www.w3.org/2001/XMLSchema-instance" xmlns:doc="http://www.lyncode.com/xoai" xsi:schemaLocation="http://www.loc.gov/MARC21/slim http://www.loc.gov/standards/marcxml/schema/MARC21slim.xsd">
   <leader>00925njm 22002777a 4500</leader>
   <datafield ind2=" " ind1=" " tag="042">
      <subfield code="a">dc</subfield>
   </datafield>
   <datafield ind2=" " ind1=" " tag="720">
      <subfield code="a">Blanch Plana, Angel</subfield>
      <subfield code="e">author</subfield>
   </datafield>
   <datafield ind2=" " ind1=" " tag="720">
      <subfield code="a">Martínez, Albert</subfield>
      <subfield code="e">author</subfield>
   </datafield>
   <datafield ind2=" " ind1=" " tag="260">
      <subfield code="c">2025-02-06</subfield>
   </datafield>
   <datafield ind2=" " ind1=" " tag="520">
      <subfield code="a">The popularity and practice of adventure physical activities in nature (APAN) have risen substantially in the past 20 years. At the same time, the number of events leading to serious injury has increased substantially. Several factors account for the occurrence of such events, albeit individual differences in personality traits together with sex differences appear as important intervening factors. Social or evolutionary approaches might be helpful to explain the higher risk taking and accidents in males compared with females. We evaluated whether sex similarities or differences emerged when relating individual traits with accidents in adventure sports, with a sample of Spanish practitioners of adventure sports (337 males, 168 females). Males endured more accidents than females albeit scoring similarly in risk taking. There was a more robust association between age and deliberate risk taking for males than for females, and risk taking was a more robust predictor of accidents for males than for females. Further, males remained more prone than females to endure an accident when scoring high in risk taking.</subfield>
   </datafield>
   <datafield tag="653" ind2=" " ind1=" ">
      <subfield code="a">Adventure sports</subfield>
   </datafield>
   <datafield tag="653" ind2=" " ind1=" ">
      <subfield code="a">Risk-taking</subfield>
   </datafield>
   <datafield tag="653" ind2=" " ind1=" ">
      <subfield code="a">Accidents</subfield>
   </datafield>
   <datafield ind2="0" ind1="0" tag="245">
      <subfield code="a">Risk Taking and Accidents in Adventure Sports Across Males and Females</subfield>
   </datafield>
</record></metadata></record></GetRecord></OAI-PMH>